The 5 love languages : (Record no. 59447)

MARC details
000 -LEADER
fixed length control field 00550nam a22001817a 4500
008 - FIXED-LENGTH DATA ELEMENTS--GENERAL INFORMATION
fixed length control field 240916b ||||| |||| 00| 0 eng d
020 ## - INTERNATIONAL STANDARD BOOK NUMBER
International Standard Book Number 9780802473158
050 ## - LIBRARY OF CONGRESS CALL NUMBER
Classification number HQ734
Item number .C43 2004
100 ## - MAIN ENTRY--PERSONAL NAME
Personal name Chapman, Gary D.,
245 ## - TITLE STATEMENT
Title The 5 love languages :
Remainder of title the secret to love that lasts /
246 ## - VARYING FORM OF TITLE
Title proper/short title five love languages
260 ## - PUBLICATION, DISTRIBUTION, ETC. (IMPRINT)
Place of publication, distribution, etc Chicago :
Name of publisher, distributor, etc Northfield Pub.,
Date of publication, distribution, etc 2004
300 ## - PHYSICAL DESCRIPTION
Extent 201 p. ;
Dimensions 23 cm.
500 ## - GENERAL NOTE
General note Includes bibliographical references.
650 ## - SUBJECT ADDED ENTRY--TOPICAL TERM
Topical term or geographic name as entry element Communication in marriage.
650 ## - SUBJECT ADDED ENTRY--TOPICAL TERM
Topical term or geographic name as entry element Love.
942 ## - ADDED ENTRY ELEMENTS (KOHA)
Source of classification or shelving scheme Library of Congress Classification
Item type Book
Holdings
Withdrawn status Lost status Source of classification or shelving scheme Damaged status Not for loan Collection code Home library Current library Shelving location Date acquired Source of acquisition Total Checkouts Total Renewals Full call number Barcode Date last seen Date last borrowed Copy number Price effective from Koha item type
    Library of Congress Classification     Non-fiction Bishop Okullu Memorial Library (Limuru Campus) Bishop Okullu Memorial Library (Limuru Campus) General Circulation 16/09/2024 donation 5 1 HQ734 .C43 2004 072031 11/12/2025 25/11/2025 1 16/09/2024 Book